Alle römischen Zahlen - Statistiken

Allgemein
  • Dieses Quiz wurde 383 mal gespielt
  • Das Durchschnittsergebnis liegt bei 7 aus 7
Antwortstatistiken
Arabische Zahl Römische Zahl % Korrekt
1 I
100%
10 X
100%
5 V
99%
100 C
93%
50 L
91%
1000 M
90%
500 D
85%
Keine übereinstimmenden Quizze gefunden
Verteilung der Resultate
Anzahl Personen mit jedem Resultat
Perzentil nach korrekt beantworteten Fragen
Ihre Resultats-Entwicklung
Sie haben dieses Quiz noch nicht gespielt